000 00671nam a2200217 a 4500
001 58260
003 BD-RjUL
005 20211209080613.0
008 161217r19521949enk 000 0 eng
035 _a(BD-RjUL)58384
040 _aDLC
_cTXO
_dOCL
_dBD-RjUL
_beng
041 _aeng
082 _a330.153
_223
_bHAI 1952
100 1 _aHayek, Friedrich A.
_q(Friedrich August),
_d1899-1992.
_9173056
245 1 0 _aIndividualism and economic order /
_cby Friedrich A. Hayek
260 _aLondon :
_bRoutledge & K. Paul,
_c1949 [2nd impression 1952].
300 _avii, 271 p. ;
_c22 cm.
650 0 _aIndividualism
_9173057
650 0 _aEconomics
_9170576
942 _2ddc
_cBK
999 _c58260
_d58260